[Event "HUN Team League Csongrad Region 2018-19 "]
[Site "Csongrád County"]
[Date "2018.10.14"]
[Round "2.1"]
[White "Megyaszai, Balazs"]
[Black "Varga, Gabor"]
[Result "0-1"]
[WhiteElo "1657"]
[BlackElo "1698"]
[PlyCount "102"]
[EventDate "2018.09.30"]
[WhiteTeam "Maróczy Géza SE V."]
[BlackTeam "Meritum SE III."]

1. e4 c5 2. Nf3 e6 3. d4 cxd4 4. Nxd4 a6 5. Nc3 Qc7 6. a3 Nf6 7. Be3 b5 8. f3
Bb7 9. Qd2 d5 10. exd5 Nxd5 11. Nxd5 Bxd5 12. O-O-O Nd7 13. Kb1 Bd6 14. h4 O-O
15. h5 Rfb8 16. Nf5 Bf8 17. Bf4 Qc8 18. Bxb8 Rxb8 19. Ne3 Nb6 20. Rh4 Be7 21.
Rd4 Qc7 22. Be2 Rd8 23. Nxd5 Nxd5 24. Qd3 Bf6 25. Qe4 Bxd4 26. Rxd4 Rb8 27. g4
a5 28. g5 Qg3 29. f4 b4 30. Bd3 g6 31. Qe5 Rd8 32. h6 Kf8 33. Rc4 bxa3 34. bxa3
Ke7 35. Ka2 Qe3 36. Qxe3 Nxe3 37. Rc5 Nd5 38. Rxa5 Nxf4 39. Bc4 Rd7 40. Kb2 Rc7
41. Bb3 f6 42. Kc1 fxg5 43. Rxg5 Kf6 44. Rb5 g5 45. Kd2 Kg6 46. a4 Kxh6 47. a5
g4 48. Ke3 g3 49. Rb8 Rg7 50. Rd8 g2 51. Rd1 Nh3 0-1

[Event "HUN Team League Csongrad Region 2018-19 "]
[Site "Csongrád County"]
[Date "2018.10.14"]
[Round "2.1"]
[White "Farkas, Boldizsar"]
[Black "Szajbely, Samuel Janos"]
[Result "1-0"]
[WhiteElo "1649"]
[BlackElo "1763"]
[PlyCount "73"]
[EventDate "2018.09.30"]
[WhiteTeam "Meritum SE III."]
[BlackTeam "Maróczy Géza SE V."]

1. d4 Nf6 2. Nf3 g6 3. Bf4 Bg7 4. e3 O-O 5. Be2 d6 6. O-O Nbd7 7. h3 c5 8. c3
Ne4 9. Nbd2 Nxd2 10. Nxd2 e5 11. Bh2 f5 12. Nc4 Qe7 13. Qb3 Kh8 14. Bf3 Rb8 15.
a4 e4 16. Bxd6 Qg5 17. Bxf8 exf3 18. Bxg7+ Kxg7 19. g3 Qh5 20. Qd1 b6 21. h4
Ba6 22. dxc5 Bxc4 23. Qd4+ Nf6 24. Qxc4 Re8 25. cxb6 axb6 26. Qc7+ Kg8 27. Qf4
Ne4 28. Rfd1 Rf8 29. Rd7 g5 30. hxg5 Nxg5 31. Qc4+ Nf7 32. Qh4 Qg6 33. Rad1 Ne5
34. R7d6 Qg7 35. Rd8 Ng6 36. Rxf8+ Nxf8 37. Qf4 1-0

[Event "HUN Team League Csongrad Region 2018-19 "]
[Site "Csongrád County"]
[Date "2018.10.14"]
[Round "2.1"]
[White "Arato, Daniel"]
[Black "Kurucz, Gergely"]
[Result "1/2-1/2"]
[WhiteElo "1733"]
[BlackElo "1585"]
[PlyCount "74"]
[EventDate "2018.09.30"]
[WhiteTeam "Maróczy Géza SE V."]
[BlackTeam "Meritum SE III."]

1. d4 d6 2. c4 g6 3. e4 Bg7 4. Nf3 Nf6 5. Nc3 O-O 6. Be2 Nc6 7. O-O e5 8. d5
Ne7 9. b4 Ne8 10. Nd2 f5 11. f3 f4 12. c5 Nf6 13. Nc4 g5 14. cxd6 cxd6 15. Bd2
h5 16. b5 g4 17. b6 a6 18. Be1 gxf3 19. gxf3 Bh3 20. Rf2 Rc8 21. Qb3 Nexd5 22.
exd5 Nxd5 23. Nxd5 e4 24. Bc3 e3 25. Rg2 Bxg2 26. Kxg2 Qg5+ 27. Kh1 Qxd5 28.
Rd1 Qb5 29. Qxb5 axb5 30. Bxg7 Kxg7 31. Nxd6 Rc2 32. Bxb5 Rd2 33. Rg1+ Kh8 34.
Ne4 Rxa2 35. h4 Rc8 36. Rg2 Ra1+ 37. Kh2 Rb1 1/2-1/2

[Event "HUN Team League Csongrad Region 2018-19 "]
[Site "Csongrád County"]
[Date "2018.10.14"]
[Round "2.1"]
[White "Filep, Miklos Sr."]
[Black "Kocsmar, Akos"]
[Result "1-0"]
[WhiteElo "1529"]
[BlackElo "1697"]
[PlyCount "117"]
[EventDate "2018.09.30"]
[WhiteTeam "Meritum SE III."]
[BlackTeam "Maróczy Géza SE V."]

1. f4 d5 2. b3 e6 3. Bb2 Nf6 4. Nf3 Be7 5. e3 Nbd7 6. Be2 O-O 7. O-O c5 8. Ne5
Ne4 9. d3 Nd6 10. Nd2 f6 11. Nxd7 Bxd7 12. Nf3 b5 13. Qd2 Rb8 14. Rfd1 Qb6 15.
Ne1 Bc6 16. Bf3 Rfd8 17. c3 a5 18. Nc2 Ne4 19. Qe2 Nd6 20. Kh1 Qb7 21. g4 e5
22. fxe5 fxe5 23. Bg2 Bf6 24. Rab1 e4 25. d4 c4 26. b4 a4 27. a3 Nf7 28. Rf1
Qc7 29. Qf2 Qe7 30. Bc1 Rd6 31. Bd2 Bh4 32. Qe2 Rh6 33. Be1 Qc7 34. h3 Rb6 35.
Rf4 g5 36. Rf5 Nd6 37. Re5 Qg7 38. Bxh4 Rxh4 39. Rf1 Bd7 40. Qf2 h6 41. Kg1 Bc6
42. Qf6 Qxf6 43. Rxf6 Nf7 44. Ref5 Bd7 45. Rxb6 Bxf5 46. gxf5 g4 47. Rg6+ Kh7
48. Rxg4 Rxg4 49. hxg4 Kg7 50. Kf2 Ng5 51. Kg3 Kf6 52. Ne1 h5 53. Bh3 hxg4 54.
Bxg4 Nf7 55. Kf4 Nd6 56. Ng2 Nf7 57. Nh4 Ng5 58. Ng6 Nf3 59. Bxf3 1-0

[Event "HUN Team League Csongrad Region 2018-19 "]
[Site "Csongrád County"]
[Date "2018.10.14"]
[Round "2.1"]
[White "Balint, Bence"]
[Black "Varga, Szilvia"]
[Result "1-0"]
[WhiteElo "1492"]
[BlackElo "1430"]
[PlyCount "61"]
[EventDate "2018.09.30"]
[WhiteTeam "Maróczy Géza SE V."]
[BlackTeam "Meritum SE III."]

1. d4 g6 2. e4 Bg7 3. c4 d6 4. Nc3 Nf6 5. Nf3 O-O 6. Be2 b6 7. O-O c5 8. h3 Bb7
9. d5 Re8 10. Qc2 e6 11. Bf4 exd5 12. cxd5 a6 13. a4 Qc7 14. Nd2 Nfd7 15. Bg3
Be5 16. Bxe5 Nxe5 17. f4 Ned7 18. Nc4 Nf6 19. Bf3 Nbd7 20. Rae1 h6 21. Re3 Rab8
22. Qe2 Nh7 23. e5 dxe5 24. fxe5 Ng5 25. Nd6 Nxf3+ 26. Rfxf3 Re7 27. Nxb7 Qxb7
28. e6 Nf8 29. exf7+ Rxf7 30. Rxf7 Kxf7 31. d6 1-0

[Event "HUN Team League Csongrad Region 2018-19 "]
[Site "Csongrád County"]
[Date "2018.10.14"]
[Round "2.1"]
[White "Tamas, Attila"]
[Black "Nemeth, Norbert Marcell"]
[Result "1-0"]
[WhiteElo "1285"]
[BlackElo "1319"]
[PlyCount "73"]
[EventDate "2018.09.30"]
[WhiteTeam "Meritum SE III."]
[BlackTeam "Maróczy Géza SE V."]

1. d4 d5 2. Nc3 Bf5 3. f3 Nf6 4. Bg5 Nc6 5. a3 Qd7 6. Bxf6 gxf6 7. e3 O-O-O 8.
Bd3 e5 9. Bxf5 Qxf5 10. Nge2 Qg6 11. Kf2 Bh6 12. Qd2 Rhe8 13. h4 Qg7 14. g4 Qf8
15. Rhg1 Bg7 16. h5 h6 17. Ng3 Qd6 18. Nf5 Qf8 19. b4 Ne7 20. b5 Nxf5 21. gxf5
Qd6 22. Rxg7 Qd7 23. e4 dxe4 24. fxe4 Rh8 25. d5 c6 26. a4 a6 27. Qd3 a5 28.
bxc6 bxc6 29. Qa6+ Qb7 30. Qxb7+ Kxb7 31. Rxf7+ Ka8 32. Rxf6 Rdg8 33. Rxc6 Rh7
34. Ra6+ Kb7 35. Rxa5 Rhg7 36. Rb1+ Kc7 37. Ra7+ 1-0

[Event "HUN Team League Csongrad Region 2018-19 "]
[Site "Csongrád County"]
[Date "2018.10.14"]
[Round "2.2"]
[White "Tenk, Zoltan"]
[Black "Balogh, Ferenc"]
[Result "0-1"]
[WhiteElo "1922"]
[BlackElo "1914"]
[PlyCount "58"]
[EventDate "2018.09.30"]
[WhiteTeam "Maróczy Géza SE IV."]
[BlackTeam "Maróczy Géza SE VI."]

1. e4 e6 2. d4 d5 3. e5 c5 4. c3 b6 5. Nf3 Qd7 6. Bd3 Ba6 7. O-O Ne7 8. b4 Bxd3
9. Qxd3 c4 10. Qc2 a5 11. a4 axb4 12. cxb4 Nbc6 13. b5 Na5 14. Ba3 Ng6 15. Bxf8
Nxf8 16. Nc3 Qe7 17. Nd2 Ng6 18. f4 Qh4 19. g3 Qh3 20. f5 Ne7 21. f6 gxf6 22.
exf6 Rg8 23. Rf2 Ng6 24. Nf3 Qg4 25. Nxd5 exd5 26. Re1+ Kd8 27. Ne5 Nxe5 28.
Rxe5 Ra7 29. Rf4 Qxf4 0-1

[Event "HUN Team League Csongrad Region 2018-19 "]
[Site "Csongrád County"]
[Date "2018.10.14"]
[Round "2.2"]
[White "Tornyai, Jeno"]
[Black "Pluhar, Andras"]
[Result "1-0"]
[WhiteElo "1876"]
[BlackElo "1813"]
[PlyCount "77"]
[EventDate "2018.09.30"]
[WhiteTeam "Maróczy Géza SE VI."]
[BlackTeam "Maróczy Géza SE IV."]

1. d4 Nf6 2. Nc3 d5 3. Bg5 Nbd7 4. f3 c5 5. dxc5 Qa5 6. Bxf6 Nxf6 7. Qd4 Bf5 8.
b4 Qd8 9. e4 dxe4 10. Bb5+ Bd7 11. Rd1 a6 12. Bxd7+ Qxd7 13. Qxd7+ Nxd7 14.
Nxe4 g6 15. Ne2 Bg7 16. O-O Ne5 17. Nf4 O-O 18. Nd5 Nc6 19. c3 h6 20. a4 e6 21.
Nb6 Rad8 22. Nd7 f5 23. Nxf8 Rxf8 24. Nd6 Bxc3 25. Nxb7 Bxb4 26. Rd6 Rc8 27.
Rfd1 Rc7 28. Rd7 Rc8 29. f4 g5 30. g3 gxf4 31. gxf4 Bc3 32. Kf2 e5 33. Rg1+ Kh8
34. Rgg7 exf4 35. Rh7+ Kg8 36. Rxh6 Bd4+ 37. Kf1 Be5 38. Nd6 Rb8 39. Rg6+ 1-0

[Event "HUN Team League Csongrad Region 2018-19 "]
[Site "Csongrád County"]
[Date "2018.10.14"]
[Round "2.2"]
[White "Blazsik, Zoltan"]
[Black "Lovaszi, Szabolcs"]
[Result "0-1"]
[WhiteElo "1747"]
[BlackElo "1458"]
[PlyCount "58"]
[EventDate "2018.09.30"]
[WhiteTeam "Maróczy Géza SE IV."]
[BlackTeam "Maróczy Géza SE VI."]

1. e4 g6 2. d4 Bg7 3. Nf3 d6 4. h3 Nd7 5. c3 a6 6. a4 c5 7. Be2 Ngf6 8. Qd3 d5
9. exd5 Nxd5 10. O-O cxd4 11. Nxd4 Ne5 12. Qd1 O-O 13. Nf3 Rb8 14. Na3 Nc6 15.
Bc4 Nf6 16. Bf4 Ra8 17. Qe2 Bf5 18. Rad1 Qb6 19. Be3 Qa5 20. Bb3 Be4 21. Nc4
Qf5 22. Bb6 Nd5 23. Nfd2 Bd3 24. Qf3 Qxf3 25. Nxf3 Bxc4 26. Rxd5 Bxb3 27. Rd7
Rab8 28. a5 Be6 29. Rd3 Bc4 0-1

[Event "HUN Team League Csongrad Region 2018-19 "]
[Site "Csongrád County"]
[Date "2018.10.14"]
[Round "2.2"]
[White "Keller, Peter"]
[Black "Szamko, Szabolcs"]
[Result "1/2-1/2"]
[WhiteElo "1357"]
[BlackElo "1516"]
[PlyCount "54"]
[EventDate "2018.09.30"]
[WhiteTeam "Maróczy Géza SE VI."]
[BlackTeam "Maróczy Géza SE IV."]

1. d4 d5 2. Bf4 Bf5 3. e3 Nf6 4. Bd3 Bxd3 5. Qxd3 c6 6. Nd2 Nh5 7. Bg5 h6 8.
Bh4 g5 9. Qe2 Nf6 10. Bg3 Qb6 11. Rb1 c5 12. c3 Nbd7 13. Ngf3 Nh5 14. Nb3 Nxg3
15. hxg3 Bg7 16. g4 Qg6 17. Rd1 c4 18. Nbd2 Qc2 19. Nb1 Qxe2+ 20. Kxe2 Nf6 21.
Ne5 Ne4 22. Nd2 Nxd2 23. Kxd2 Bxe5 24. dxe5 Kd7 25. Rh5 Rh7 26. Rdh1 Rah8 27.
f4 f6 1/2-1/2

[Event "HUN Team League Csongrad Region 2018-19 "]
[Site "Csongrád County"]
[Date "2018.10.14"]
[Round "2.2"]
[White "Veres, Sandor"]
[Black "Elekes, Lajos"]
[Result "0-1"]
[WhiteElo "1511"]
[BlackElo "1328"]
[PlyCount "78"]
[EventDate "2018.09.30"]
[WhiteTeam "Maróczy Géza SE IV."]
[BlackTeam "Maróczy Géza SE VI."]

1. d4 c5 2. d5 d6 3. c4 Nf6 4. Nc3 e6 5. e4 e5 6. h3 h6 7. Nf3 Be7 8. Bd3 a6 9.
a3 O-O 10. Bd2 Bd7 11. a4 Qc8 12. Ne2 Ne8 13. Ng3 f5 14. exf5 Bxf5 15. Nxf5
Rxf5 16. Bxf5 Qxf5 17. O-O Nd7 18. Nh2 Rb8 19. Rc1 Nef6 20. f3 b5 21. axb5 axb5
22. b3 bxc4 23. bxc4 Qd3 24. Rc3 Qd4+ 25. Kh1 Rb2 26. Rc2 Rb3 27. Qe2 Nh5 28.
Be1 Rb1 29. Bf2 Qa1 30. Rxb1 Qxb1+ 31. Nf1 Nf4 32. Rb2 Qc1 33. Rc2 Nxe2 34.
Rxc1 Nxc1 35. Ng3 Nb6 36. Nf5 Kf7 37. Ne3 Nd3 38. Kg1 Nb2 39. Kf1 N2xc4 0-1

[Event "HUN Team League Csongrad Region 2018-19 "]
[Site "Csongrád County"]
[Date "2018.10.14"]
[Round "2.2"]
[White "Vadkerti, Vince"]
[Black "Gyemant, Karoly"]
[Result "0-1"]
[WhiteElo "1324"]
[BlackElo "1582"]
[PlyCount "62"]
[EventDate "2018.09.30"]
[WhiteTeam "Maróczy Géza SE VI."]
[BlackTeam "Maróczy Géza SE IV."]

1. e4 e6 2. d4 d5 3. Nd2 dxe4 4. Nxe4 Nf6 5. Ng3 Be7 6. Nf3 O-O 7. Bd3 c5 8.
O-O Nc6 9. dxc5 Bxc5 10. Bf4 a6 11. a4 Re8 12. Ne5 Nxe5 13. Bxe5 g6 14. Qc1 Ng4
15. Bc3 Qh4 16. h3 Nxf2 17. Rxf2 Qxg3 18. Be1 Bxf2+ 19. Bxf2 Qe5 20. c3 Qd6 21.
Bc4 e5 22. Qf1 Be6 23. Bxe6 Qxe6 24. Re1 f5 25. Bd4 Qd5 26. Be3 Qb3 27. Qd3
Rad8 28. Qb1 Qxa4 29. b3 Qc6 30. Qa2 Qxc3 31. b4+ Kg7 0-1

[Event "HUN Team League Csongrad Region 2018-19 "]
[Site "Csongrád County"]
[Date "2018.10.14"]
[Round "2.2"]
[White "Koszo, Ferenc"]
[Black "Puskas, Mihaly"]
[Result "1/2-1/2"]
[WhiteElo "1365"]
[BlackElo "1240"]
[PlyCount "82"]
[EventDate "2018.09.30"]
[WhiteTeam "Maróczy Géza SE IV."]
[BlackTeam "Maróczy Géza SE VI."]

1. d4 d5 2. c4 e6 3. cxd5 exd5 4. Nf3 Nc6 5. a3 Nf6 6. Nc3 Bd6 7. g3 O-O 8. Bg5
h6 9. Bxf6 Qxf6 10. Nxd5 Qe6 11. Ne3 Qe7 12. Bg2 Re8 13. O-O b6 14. Re1 Bb7 15.
Rc1 Qd7 16. Nc4 Rad8 17. Nfe5 Nxe5 18. Nxe5 Bxe5 19. Bxb7 Qxd4 20. Qxd4 Rxd4
21. Rc2 Red8 22. e4 g5 23. Bd5 Kg7 24. b3 Bd6 25. a4 a5 26. g4 Bc5 27. Ree2 f6
28. Kg2 Rd6 29. f3 c6 30. Bc4 Rd1 31. Rcd2 Rd8 32. Rxd8 Rxd8 33. e5 fxe5 34.
Rxe5 Rd2+ 35. Re2 Rxe2+ 36. Bxe2 Be3 37. Bd3 Kf6 38. Be4 c5 39. Bd5 Ke5 40. Bc4
Kd4 41. Kf1 Bf4 1/2-1/2

[Event "HUN Team League Csongrad Region 2018-19 "]
[Site "Csongrád County"]
[Date "2018.10.14"]
[Round "2.3"]
[White "Udvardi, Zalan"]
[Black "Adok, Janos"]
[Result "1/2-1/2"]
[WhiteElo "2212"]
[BlackElo "2237"]
[PlyCount "185"]
[EventDate "2018.09.30"]
[WhiteTeam "Szentesi Sakk SE II."]
[BlackTeam "Vásárhelyi Pákozdy FSSE"]

1. e4 e6 2. d4 d5 3. Nc3 Nf6 4. Bg5 Be7 5. Bxf6 Bxf6 6. Nf3 c6 7. Bd3 Nd7 8.
Qe2 Nb6 9. h4 h6 10. O-O-O Bd7 11. g4 g6 12. Kb1 Bg7 13. exd5 cxd5 14. Ne5 Qe7
15. f4 O-O-O 16. Bb5 Be8 17. Rh3 a6 18. Bd3 h5 19. g5 Qc7 20. a3 Kb8 21. Na2
Rd6 22. Nb4 a5 23. Na2 Na4 24. Bb5 Nxb2 25. Kxb2 Bxb5 26. Qxb5 Bxe5 27. Rb3
Bxf4 28. Ka1 Rhd8 29. Rf1 e5 30. Nc3 exd4 31. Na4 Be5 32. Kb1 Rc6 33. Rxf7 Qxf7
34. Qxc6 Rc8 35. Qb5 Qc7 36. Nc5 Ka8 37. Ka2 d3 38. cxd3 Bd4 39. Na4 Qc2+ 40.
Nb2 Qc7 41. Qxd5 Bxb2 42. Rxb2 Ka7 43. Kb1 b6 44. Ka2 Rd8 45. Qb3 Qd6 46. Qc4
Rd7 47. Rc2 Qxd3 48. Qxd3 Rxd3 49. Rc6 Rh3 50. Rxg6 Rxh4 51. Rh6 Ka6 52. g6 Rg4
53. Rxh5 Rxg6 54. a4 Kb7 55. Kb3 Kc6 56. Kc3 Rg3+ 57. Kb2 Rd3 58. Rg5 Rd5 59.
Rg6+ Kc5 60. Kc3 Re5 61. Rg3 Rh5 62. Rf3 Kd5 63. Rd3+ Kc6 64. Rg3 Rh1 65. Rg6+
Kb7 66. Rg7+ Ka6 67. Kb3 Rc1 68. Rh7 Rc8 69. Rf7 Rb8 70. Rc7 Rh8 71. Rg7 Rh3+
72. Kb2 Rf3 73. Rh7 Rf2+ 74. Kb3 Rf1 75. Kb2 Rf4 76. Kb3 Rb4+ 77. Ka3 Rb1 78.
Ka2 Rc1 79. Kb2 Rc8 80. Kb3 Rb8 81. Rf7 Rb7 82. Rf6 Rc7 83. Rd6 Kb7 84. Rh6 Rd7
85. Kc4 Rd1 86. Rh7+ Kc6 87. Rh6+ Rd6 88. Rh7 Rg6 89. Rh3 Rg4+ 90. Kb3 Rd4 91.
Rh6+ Kc5 92. Rh5+ Rd5 93. Rh3 1/2-1/2

[Event "HUN Team League Csongrad Region 2018-19 "]
[Site "Csongrád County"]
[Date "2018.10.14"]
[Round "2.3"]
[White "Nagy, Jozsef"]
[Black "Buzas, Andras"]
[Result "1-0"]
[WhiteElo "1922"]
[BlackElo "1756"]
[PlyCount "125"]
[EventDate "2018.09.30"]
[WhiteTeam "Szentesi Sakk SE II."]
[BlackTeam "Vásárhelyi Pákozdy FSSE"]

1. d4 Nf6 2. c4 e5 3. dxe5 Ng4 4. Nf3 Nc6 5. b3 Bb4+ 6. Bd2 Qe7 7. Bxb4 Qxb4+
8. Qd2 Qc5 9. e3 Ngxe5 10. Nxe5 Qxe5 11. Qc3 d6 12. Qxe5+ Nxe5 13. Nc3 Bd7 14.
Rd1 O-O-O 15. Nd5 Rhe8 16. Be2 Bc6 17. Kd2 Bxd5 18. cxd5 Kb8 19. Rc1 Re7 20.
Rc3 Nd7 21. b4 Nb6 22. Bf3 Re5 23. Rd3 Rde8 24. Kc3 Na4+ 25. Kb3 b5 26. Rd4 g6
27. Rc1 Kb7 28. Be2 a6 29. g4 Nb6 30. Rcd1 f5 31. g5 Re4 32. Bf3 R4e7 33. h4
Nc4 34. a4 Ne5 35. Be2 bxa4+ 36. Kxa4 Nd7 37. Ka5 Nb8 38. b5 axb5 39. Bxb5 Rf8
40. Rb1 Ka7 41. Ra1 Re4 42. Raa4 Rxd4 43. Rxd4 Rf7 44. Rc4 Re7 45. Rc3 Kb7 46.
Rc4 Re5 47. Rd4 c6 48. Ba4 c5 49. Rd3 Na6 50. Bc6+ Ka7 51. Rb3 Nb4 52. Kb5 Kb8
53. f4 Re4 54. Ra3 Nxc6 55. Kxc6 Rb4 56. Kxd6 c4 57. Rc3 Kc8 58. Kc5 Rb2 59.
Rxc4 Kd7 60. Kd4 Ke7 61. Ke5 Rb7 62. Rc8 Kf7 63. d6 1-0

[Event "HUN Team League Csongrad Region 2018-19 "]
[Site "Csongrád County"]
[Date "2018.10.14"]
[Round "2.3"]
[White "Markus, Molli Amina"]
[Black "Balatoni, Gyorgy"]
[Result "1/2-1/2"]
[WhiteElo "1614"]
[BlackElo "1692"]
[PlyCount "48"]
[EventDate "2018.09.30"]
[WhiteTeam "Vásárhelyi Pákozdy FSSE"]
[BlackTeam "Szentesi Sakk SE II."]

1. c4 Nf6 2. Nc3 g6 3. g3 Bg7 4. Bg2 c6 5. e3 O-O 6. d4 d5 7. cxd5 cxd5 8. Nf3
e6 9. O-O Nc6 10. Bd2 a6 11. Rc1 Bd7 12. b3 b5 13. Ne2 Rc8 14. Nf4 Ne4 15. Nd3
Re8 16. Nfe1 Nxd2 17. Qxd2 Bf8 18. Nc5 Bxc5 19. dxc5 Qe7 20. b4 Red8 21. Qb2 f6
22. Nc2 Be8 23. Rfd1 Bf7 24. Nd4 Nxd4 1/2-1/2

[Event "HUN Team League Csongrad Region 2018-19 "]
[Site "Csongrád County"]
[Date "2018.10.14"]
[Round "2.3"]
[White "Kozak, Janos"]
[Black "Gachalyi, Gergo"]
[Result "1-0"]
[WhiteElo "1513"]
[BlackElo "1486"]
[PlyCount "71"]
[EventDate "2018.09.30"]
[WhiteTeam "Szentesi Sakk SE II."]
[BlackTeam "Vásárhelyi Pákozdy FSSE"]

1. c4 Nf6 2. Nc3 g6 3. e4 d6 4. d4 Bg7 5. f3 Nc6 6. Be3 O-O 7. a3 e5 8. d5 Ne7
9. Bd3 Ne8 10. Nge2 f5 11. f4 exf4 12. Nxf4 Nf6 13. Qc2 Ng4 14. Bd2 Ne5 15. O-O
Nxd3 16. Qxd3 a6 17. Rae1 Bd7 18. b4 b6 19. a4 Kh8 20. c5 dxc5 21. bxc5 fxe4
22. Rxe4 Bf5 23. Ne6 Bxe6 24. Rxe6 Rxf1+ 25. Kxf1 Qf8+ 26. Kg1 Nf5 27. cxb6
cxb6 28. Ne4 Bd4+ 29. Kh1 Kg8 30. Ng5 Rc8 31. Rc6 Rxc6 32. dxc6 Qd6 33. Qc4+
Kg7 34. c7 Ne7 35. Qf7+ Kh6 36. Qxh7# 1-0

[Event "HUN Team League Csongrad Region 2018-19 "]
[Site "Csongrád County"]
[Date "2018.10.14"]
[Round "2.3"]
[White "Torok, Csaba"]
[Black "Kovacs, Marcell"]
[Result "1-0"]
[WhiteElo "1526"]
[BlackElo "1396"]
[PlyCount "43"]
[EventDate "2018.09.30"]
[WhiteTeam "Vásárhelyi Pákozdy FSSE"]
[BlackTeam "Szentesi Sakk SE II."]

1. e4 e5 2. Nf3 Nc6 3. Bc4 h6 4. d3 Bc5 5. c3 Nf6 6. Nbd2 d5 7. exd5 Nxd5 8.
Qb3 Be6 9. Qxb7 Nce7 10. Qb5+ c6 11. Qxc5 Qc7 12. Ne4 O-O 13. O-O Rad8 14. h3
Rfe8 15. Re1 f5 16. Ned2 g6 17. Nxe5 Kg7 18. Ndf3 g5 19. Bd2 g4 20. hxg4 fxg4
21. Nd4 Qb7 22. Nxe6+ 1-0

[Event "HUN Team League Csongrad Region 2018-19 "]
[Site "Csongrád County"]
[Date "2018.10.14"]
[Round "2.3"]
[White "Bullas, Gabor"]
[Black "Csikos, Adam"]
[Result "0-1"]
[WhiteElo "1068"]
[BlackElo "1315"]
[PlyCount "50"]
[EventDate "2018.09.30"]
[WhiteTeam "Szentesi Sakk SE II."]
[BlackTeam "Vásárhelyi Pákozdy FSSE"]

1. e4 c5 2. Nf3 Nc6 3. d4 cxd4 4. Nxd4 Nf6 5. Nxc6 bxc6 6. Bd3 e5 7. O-O h6 8.
Nc3 d5 9. exd5 cxd5 10. Bb5+ Bd7 11. Bxd7+ Qxd7 12. Re1 e4 13. f3 Bc5+ 14. Kh1
Qf5 15. Nb5 O-O 16. f4 Ng4 17. g3 Nxh2 18. Kg2 Nf3 19. Rh1 Rad8 20. c3 Qf6 21.
Rh5 Qg6 22. Rxd5 Qg4 23. Rxd8 Nh4+ 24. Kf1 Qh3+ 25. Ke2 Qg2+ 0-1

[Event "HUN Team League Csongrad Region 2018-19 "]
[Site "Csongrád County"]
[Date "2018.10.14"]
[Round "2.4"]
[White "Csuri, Laszlo"]
[Black "Molnar, Gabor"]
[Result "1-0"]
[WhiteElo "2008"]
[BlackElo "1937"]
[PlyCount "69"]
[EventDate "2018.09.30"]
[WhiteTeam "Röszkei SK"]
[BlackTeam "Makói SVSE III."]

1. e4 d6 2. Nf3 Nf6 3. c3 e5 4. g3 Nc6 5. d3 d5 6. Qe2 dxe4 7. dxe4 a5 8. Bg2
b6 9. O-O Bc5 10. Rd1 Qe7 11. Be3 Ba6 12. c4 Bxe3 13. Qxe3 Nb4 14. Qe2 Qc5 15.
b3 Bb7 16. Nc3 O-O 17. a3 Na6 18. Nd5 Nxd5 19. exd5 f6 20. Nd2 Rad8 21. Ne4 Qe7
22. Nc3 Rfe8 23. d6 cxd6 24. Nd5 Bxd5 25. Bxd5+ Kh8 26. Qe3 Qc7 27. g4 Qc5 28.
Qh3 g6 29. Bf7 Re7 30. Bxg6 d5 31. cxd5 Rxd5 32. Be4 Rxd1+ 33. Rxd1 Qc7 34. Qh6
Rf7 35. Bxh7 1-0

[Event "HUN Team League Csongrad Region 2018-19 "]
[Site "Csongrád County"]
[Date "2018.10.14"]
[Round "2.4"]
[White "Balassy, Gabor"]
[Black "Retkes, Sandor"]
[Result "0-1"]
[WhiteElo "1818"]
[BlackElo "1896"]
[PlyCount "86"]
[EventDate "2018.09.30"]
[WhiteTeam "Makói SVSE III."]
[BlackTeam "Röszkei SK"]

1. d4 g6 2. Nf3 Bg7 3. c3 d6 4. g3 b5 5. Bg2 Bb7 6. Qb3 c6 7. O-O Nf6 8. Bg5
Nbd7 9. Nbd2 Rb8 10. e4 h6 11. Bxf6 exf6 12. Nh4 a5 13. f4 a4 14. Qc2 O-O 15.
Rae1 Qb6 16. Kh1 c5 17. d5 Ba6 18. Bh3 Qd8 19. Bxd7 Qxd7 20. f5 g5 21. Ng2 Rfe8
22. Ne3 Bf8 23. Qd1 Be7 24. Qh5 Kg7 25. Ng4 Rh8 26. Rf2 Rbg8 27. Kg2 Bd8 28.
Rfe2 Re8 29. Nf2 Bb7 30. Kg1 Ba6 31. Kg2 Ba5 32. Rc1 Qd8 33. Nf3 Bc8 34. Rcc2
b4 35. g4 c4 36. cxb4 Bxb4 37. Nd4 Bc5 38. Nc6 Qb6 39. Nd1 Bb7 40. Rxc4 Ba6 41.
Rxa4 Bxe2 42. Ra7 Qxa7 43. Nxa7 Bxd1 0-1

[Event "HUN Team League Csongrad Region 2018-19 "]
[Site "Csongrád County"]
[Date "2018.10.14"]
[Round "2.4"]
[White "Nagy Dani, Karoly"]
[Black "Kopias, Ferenc"]
[Result "1-0"]
[WhiteElo "1763"]
[BlackElo "1797"]
[PlyCount "111"]
[EventDate "2018.09.30"]
[WhiteTeam "Röszkei SK"]
[BlackTeam "Makói SVSE III."]

1. Nf3 f5 2. d4 Nf6 3. c4 g6 4. Nc3 Bg7 5. Qc2 d6 6. Bg5 O-O 7. O-O-O Ng4 8. e3
h6 9. h3 Nf6 10. Bh4 g5 11. Bg3 Bd7 12. Bd3 Nh5 13. Bh2 Nc6 14. a3 Qe8 15. g4
fxg4 16. Bg6 Qc8 17. Bh7+ Kh8 18. hxg4 Rxf3 19. gxh5 Bf5 20. Bxf5 Qxf5 21. Qxf5
Rxf5 22. Bg3 Na5 23. Nd5 Rf7 24. Nxc7 Rc8 25. Ne6 Rxc4+ 26. Kb1 Rf5 27. Rc1 Rb5
28. Rxc4 Nxc4 29. Rc1 Nxb2 30. Ka2 Nd3 31. Rc2 Rf5 32. Rc7 Bf6 33. Rc8+ Kh7 34.
Rc7 Nxf2 35. Bxd6 Ne4 36. Bxe7 Nc3+ 37. Kb3 Nd5 38. Rxb7 Nxe7 39. e4 Rf3+ 40.
Kc4 g4 41. e5 Bh4 42. d5 g3 43. d6 Kg8 44. dxe7 Bxe7 45. Rxe7 Rxa3 46. Rg7+ Kh8
47. Kd5 Ra5+ 48. Ke4 Ra6 49. Rxg3 Rxe6 50. Kf5 Re8 51. Rg6 Ra8 52. Rxh6+ Kg7
53. Ra6 Rf8+ 54. Kg5 Rf7 55. h6+ Kh7 56. e6 1-0

[Event "HUN Team League Csongrad Region 2018-19 "]
[Site "Csongrád County"]
[Date "2018.10.14"]
[Round "2.4"]
[White "Csibor, Andras"]
[Black "Ver, Imre"]
[Result "1/2-1/2"]
[WhiteElo "1807"]
[BlackElo "1763"]
[PlyCount "76"]
[EventDate "2018.09.30"]
[WhiteTeam "Makói SVSE III."]
[BlackTeam "Röszkei SK"]

1. d4 d5 2. c4 e6 3. Nc3 Nf6 4. e3 c6 5. Nf3 Nbd7 6. Bd3 Qc7 7. O-O g6 8. cxd5
exd5 9. e4 dxe4 10. Nxe4 Nxe4 11. Bxe4 Bg7 12. Be3 O-O 13. Rc1 Nf6 14. Bd3 Nd5
15. a3 Re8 16. Qd2 Bg4 17. Ne1 Qd7 18. Nc2 Bf5 19. Rce1 Bxd3 20. Qxd3 Re6 21.
Bd2 Rae8 22. Rxe6 Rxe6 23. Re1 Nc7 24. Re4 Rxe4 25. Qxe4 Qe6 26. Qxe6 Nxe6 27.
Be3 a6 28. Kf1 f5 29. f4 Kf8 30. Ke2 Ke7 31. Kd3 Kd6 32. g3 Kd5 33. Nb4+ Kd6
34. Na2 b5 35. b3 Nc7 36. Nb4 Kd7 37. Bd2 Bf6 38. Nc2 Nd5 1/2-1/2

[Event "HUN Team League Csongrad Region 2018-19 "]
[Site "Csongrád County"]
[Date "2018.10.14"]
[Round "2.4"]
[White "Bartos, Ferenc"]
[Black "Hajnal, Bence"]
[Result "0-1"]
[WhiteElo "1756"]
[BlackElo "1785"]
[PlyCount "64"]
[EventDate "2018.09.30"]
[WhiteTeam "Röszkei SK"]
[BlackTeam "Makói SVSE III."]

1. e4 g6 2. d4 b6 3. Nc3 Bb7 4. Be2 Bg7 5. h4 h6 6. Nh3 d6 7. f4 e6 8. O-O Qxh4
9. f5 gxf5 10. Rf4 Qf6 11. Be3 Ne7 12. exf5 Nxf5 13. Bf2 h5 14. Bxh5 Bh6 15.
Bh4 Qg7 16. Rg4 Be3+ 17. Bf2 Qh6 18. Bxf7+ Kxf7 19. d5 Bxf2+ 20. Nxf2 Qh2+ 21.
Kf1 Ne3+ 22. Ke2 Nxd1 23. Rxd1 Nd7 24. Rf1 Qh5 25. dxe6+ Kxe6 26. Kd2 Raf8 27.
Rg3 Ne5 28. Nb5 Qh6+ 29. Kd1 Qf4 30. Rg7 Rf7 31. Nxc7+ Kd7 32. Rxf7+ Qxf7 0-1